Welcome to the Holygrace Academy Library

Please use search bar below to get started

GREAT WOMEN OF INDIA (Record no. 6677)

MARC details
000 -LEADER
fixed length control field 00275nam a22001217a 4500
020 ## - INTERNATIONAL STANDARD BOOK NUMBER
ISBN 81-7823-194-8
082 ## - DEWEY DECIMAL CLASSIFICATION NUMBER
Classification number 001
Item number SRI/G
245 ## - TITLE STATEMENT
Title GREAT WOMEN OF INDIA
260 ## - PUBLICATION, DISTRIBUTION, ETC. (IMPRINT)
Place of publication CHENNAI
Name of publisher SRI RAMAKRISHNA MATH
300 ## - PHYSICAL DESCRIPTION
Number of Pages 24
650 ## - SUBJECT ADDED ENTRY--TOPICAL TERM
Topical Term GREAT WOMEN OF INDIA
Geographic subdivision INDIA
942 ## - ADDED ENTRY ELEMENTS (KOHA)
Koha item type Books
Holdings
Withdrawn status Lost status Collection code Home library Current library Shelving location Date acquired Source of acquisition Full call number Accession Number Koha item type
    Reference Main Library Main Library SHELF-17-L-BIOGRAPHIES & AUTOBIOGRAPHIES 13/04/2009 PURCHASE 001 SRI/G 03181 Books